Maternal deprivation (Record no. 362220)

000 -LEADER
fixed length control field 00386cam a22001217a 4500
008 - FIXED-LENGTH DATA ELEMENTS--GENERAL INFORMATION
fixed length control field 180718b1962 xxu||||| |||| 00| 0 eng d
082 ## - DEWEY DECIMAL CLASSIFICATION NUMBER
Classification number Q43 C436m
245 ## - TITLE STATEMENT
Title Maternal deprivation
Statement of responsibility, etc. by Child Welfare League of America, U.S.A.
260 ## - PUBLICATION, DISTRIBUTION, ETC.
Place of publication, distribution, etc. New York
Name of publisher, distributor, etc. Child Welfare League of America
Date of publication, distribution, etc. 1962
300 ## - PHYSICAL DESCRIPTION
Extent 72p.
650 ## - SUBJECT ADDED ENTRY--TOPICAL TERM
Topical term or geographic name entry element Child Welfare
700 ## - ADDED ENTRY--PERSONAL NAME
Personal name U.S.A. Child Welfare League of America
Holdings
Withdrawn status Lost status Damaged status Not for loan Permanent Location Current Location Date acquired Full call number Barcode Date last seen Price effective from Koha item type
        Indian Institute of Public Administration Indian Institute of Public Administration 1994-03-22 Q43 C436m 34032 2018-07-21 2018-07-21 Book

Powered by Koha